000 00343nam a2200145Ia 4500
008 100415s9999 xx 000 0 und d
082 _b8959
_a598.25
100 _aHoward Eliot
245 _aTerritory of Bird Life
260 _c0
365 _b0
630 _aTerritory of Bird Life
730 _aTerritory of Bird Life
942 _cBOOK
999 _c591899
_d591896